000 00237nam a22001097a 4500
082 _a536.2 BAR'T
100 _aBARTON, A. W
_940049
245 _aA TEXT BOOK ON HEAT
260 _aLONDON
_bLONG MANS
_c1948
300 _a378P
942 _cBK
999 _c567438
_d567438